书目信息 |
| 题名: |
数字信号处理引论
|
|
| 作者: | 麦克莱伦 , McClellan , Schafer , Yoder , 麦克莱伦 著 | |
| 分册: | ||
| 出版信息: | 北京 科学出版社 2003.03 |
|
| 页数: | 523页 | |
| 开本: | 26cm | |
| 丛书名: | 国外高校电子信息类优秀教材 | |
| 单 册: | ||
| 中图分类: | TN911.72 | |
| 科图分类: | ||
| 主题词: | 数字信号--信号处理--高等学校--教材--英文 , 数字信号 , 信号处理 | |
| 电子资源: | ||
| ISBN: | 7-03-011141-9 | |
| 000 | 01045nam2 2200301 45 | |
| 005 | 20050114102313.99 | |
| 010 | @a7-03-011141-9@dCNY 48.00 | |
| 100 | @a20030429d2003 ekmy0chiy0121 ea | |
| 101 | 0 | @aeng |
| 102 | @aCN@b110000 | |
| 105 | @aak z 000yy | |
| 200 | 1 | @a数字信号处理引论@Ashu zi xin hao chu li yin lun@dDSP first: A multimedia approach@f(美)麦克莱伦著@F(mei)mai ke lai lun zhu@zeng |
| 210 | @a北京@c科学出版社@d2003.03 | |
| 215 | @a523页@c图, 表格@d26cm@e附光盘1片 | |
| 225 | 2 | @a国外高校电子信息类优秀教材@e英文影印版 |
| 410 | 0 | @12001 @a国外高校电子信息类优秀教材 |
| 510 | 1 | @aDSP first: A multimedia approach@zeng |
| 606 | 0 | @a数字信号@x信号处理@x高等学校@j教材@x英文 |
| 606 | 0 | @a数字信号 |
| 606 | 0 | @a信号处理 |
| 690 | @aTN911.72@v4 | |
| 701 | 1 | @a麦克莱伦@Amai ke lai lun@bJames H.@4著 |
| 701 | A1 | @aMcClellan@bJames H.@4著 |
| 701 | A1 | @aSchafer@bRonald W.@4著 |
| 701 | A1 | @aYoder@bMark A.@4著 |
| 701 | 0 | @a麦克莱伦@Amai ke lai lun@4著 |
| 801 | 0 | @aCN@bQSSKy1@c20050114 |
| 905 | @a10447@dTN911.72@eM280 | |
| 数字信号处理引论=DSP first: A multimedia approach/(美)麦克莱伦著.-北京:科学出版社,2003.03 |
| 523页:图, 表格;26cm+附光盘1片.-(国外高校电子信息类优秀教材:英文影印版) |
| ISBN 7-03-011141-9:CNY 48.00 |
| ● |
| 相关链接 |
|
|
|
正题名:数字信号处理引论
索取号:TN911.72/M280
 
预约/预借
| 序号 | 登录号 | 条形码 | 馆藏地/架位号 | 状态 | 备注 |
| 1 | 437644 | 204376442 | 自科库301/301自科库 35排4列2层/ [索取号:TN911.72/M280] | 在馆 |